Taylor Swift mystery lyrics #115 - Statistics

General Stats
  • This quiz has been taken 49 times
  • The average score is 157 of 239
Answer Stats
Answer % Correct
I
100%
a
97%
and
91%
And
91%
the
91%
The
91%
you
91%
be
88%
was
88%
He
85%
he
85%
it
85%
No
85%
your
85%
but
82%
But
82%
In
82%
in
82%
my
82%
then
82%
Then
82%
to
82%
You're
82%
as
79%
for
79%
if
79%
I'm
79%
of
79%
on
79%
she
79%
She
79%
They
79%
been
76%
him
76%
I'd
76%
is
76%
Now
76%
said
76%
so
76%
that
76%
who
76%
at
73%
just
73%
like
73%
were
73%
her
70%
not
70%
what
70%
from
67%
manuscript
67%
mine
67%
One
67%
over
67%
every
64%
had
64%
reread
64%
rereads
64%
their
64%
with
64%
give
61%
heart
61%
that's
61%
conversation
58%
good
58%
half
58%
last
58%
needed
58%
sex
58%
soon
58%
they'd
58%
anymore
55%
back
55%
isn't
55%
know
55%
only
55%
pushin'
55%
strollers
55%
affair
52%
eyes
52%
how
52%
kids'
52%
knew
52%
samaritan
52%
story
52%
thought
52%
bed
48%
cereal
48%
couldn't
48%
morning
48%
ate
45%
coffee
45%
entire
45%
french
45%
mother's
45%
press
45%
professor
45%
thing
45%
trip
45%
wasn't
45%
wished
45%
years
45%
age
42%
boys
42%
dated
42%
left
42%
made
42%
might
42%
professional
42%
shores
42%
sleep
42%
thirty
42%
torrid
42%
way
42%
write
42%
actors
39%
beyond
39%
board
39%
donor
39%
forward
39%
Looking
39%
move
39%
own
39%
passed
39%
rolled
39%
scenes
39%
unless
39%
wise
39%
about
36%
above
36%
boards
36%
compared
36%
dart
36%
doors
36%
everything
36%
hitting
36%
marks
36%
sure
36%
Afterwards
33%
backwards
33%
licenses
33%
agony
30%
dance
30%
show
30%
since
30%
slow
30%
fell
27%
score
27%
souvenir
27%
synchronicity
27%
tears
21%
alight
18%
sparks
18%
No matching quizzes found
Score Distribution
Percent of People with Each Score
Percentile by Number Answered
Your Score History
You have not taken this quiz